一駅あたりの面積TOP20・ワースト20-北海道- - Statistics

General Stats
  • This quiz has been taken 9 times
  • The average score is 35 of 40
Answer Stats
面積/駅数 自治体名 % Correct
1063.83 新得町
100%
1049.47 上川町
100%
763.07 夕張市
100%
373.07 士別市
100%
368.57 斜里町
100%
300.36 富良野市
100%
297.37 中川町
100%
285.71 占冠村
100%
268.36 豊頃町
100%
11.68 札幌市
100%
23.37 函館市
100%
37.48 江別市
100%
40.98 森町
100%
43.35 七飯町
100%
46.73 旭川市
100%
49.68 北斗市
100%
711.36 むかわ町
88%
438.41 美幌町
88%
304.92 共和町
88%
288.35 芦別市
88%
283.35 沼田町
88%
274.84 標茶町
88%
260.35 豊富町
88%
258.11 弟子屈町
88%
257.71 白糠町
88%
11.57 室蘭市
88%
23.59 秩父別町
88%
36.22 中富良野町
88%
43.29 赤平市
88%
53.05 登別市
88%
55.47 木古内町
88%
34.84 小樽市
75%
39.34 砂川市
75%
43.45 比布町
75%
55.99 仁木町
75%
57.95 滝川市
75%
672.09 美深町
63%
33.44 由仁町
63%
48.64 妹背牛町
63%
405.38 厚真町
50%
No matching quizzes found
Score Distribution
Percent of People with Each Score
Percentile by Number Answered
Your Score History
You have not taken this quiz